<?xml version="1.0" encoding="UTF-8"?>
<record
    xmlns:xsi="http://www.w3.org/2001/XMLSchema-instance"
    xsi:schemaLocation="http://www.loc.gov/MARC21/slim http://www.loc.gov/standards/marcxml/schema/MARC21slim.xsd"
    xmlns="http://www.loc.gov/MARC21/slim">

  <leader>02248nam a2200289Ia 4500</leader>
  <controlfield tag="001">K0542</controlfield>
  <controlfield tag="003">IT-RoPAU</controlfield>
  <controlfield tag="008">130308s9999    xx            000 0 und d</controlfield>
  <datafield tag="040" ind1=" " ind2=" ">
    <subfield code="a">IT-RoPAU</subfield>
  </datafield>
  <datafield tag="040" ind1=" " ind2=" ">
    <subfield code="c">IT-RoPAU</subfield>
  </datafield>
  <datafield tag="041" ind1=" " ind2=" ">
    <subfield code="a">ITALIANO  </subfield>
  </datafield>
  <datafield tag="100" ind1=" " ind2=" ">
    <subfield code="a">Pace Enzo</subfield>
  </datafield>
  <datafield tag="100" ind1=" " ind2=" ">
    <subfield code="g">Codice Aut. SPICS:  3557</subfield>
  </datafield>
  <datafield tag="245" ind1=" " ind2=" ">
    <subfield code="a">Raccontare Dio. La religione come comunicazione</subfield>
  </datafield>
  <datafield tag="245" ind1=" " ind2=" ">
    <subfield code="b">Raccontare Dio. La Religione Come Comunicazione                                                                                                           </subfield>
  </datafield>
  <datafield tag="250" ind1=" " ind2=" ">
    <subfield code="a">1a ed.</subfield>
  </datafield>
  <datafield tag="260" ind1=" " ind2=" ">
    <subfield code="a">BOLOGNA</subfield>
  </datafield>
  <datafield tag="260" ind1=" " ind2=" ">
    <subfield code="b">Il Mulino</subfield>
  </datafield>
  <datafield tag="260" ind1=" " ind2=" ">
    <subfield code="c">2008 [1&#xB0; Ed.:2008 - Ed.Ling.Originale:2008]</subfield>
  </datafield>
  <datafield tag="300" ind1=" " ind2=" ">
    <subfield code="a">"354 p. (prefazione: no ; testo: 354 [pagine: 0-0])"</subfield>
  </datafield>
  <datafield tag="500" ind1=" " ind2=" ">
    <subfield code="a">"Religione Come Comunicazione: Arcano del testo  Ovvero raccontare Dio; Approccio Teoria dei Sistemi; comunicare per Credere; relazione Fra Sistema e Ambiente di matrice Religiosa; per una Teoria sistemi Credenza Religiosa; Come Comunicano Rligioni; Differenziazione Socioreligiosa. Religione e Senso: Senso e Comunicazione; Comunicazione e Autoreferenzialita'; per una Definizione Sistema Credenza Religiosa: Sistema Credenza e Autopoiesi; Determinato e Indeterminato; Ritualit&#xE0; Come Intersezione Fra sistemi e Individui. Dalla virt&#xF9; Improvvisazione al Sistema di Credenza: virtuoso e Sue Gesta; virt&#xF9; Accrescimento; Improvvisare e Trasmettere; Tipologia Virtuosi Improvvisazione; Parola Data e Memoria; Esempio e Missione. Spirito e Ordine: mettere Ordine Allo Spirito; Potere Lingua Sacra; Ordine di Servizio; Ordine e Legge; Ordine del Discorso; Ordinare Discorso e Comunicare; Veridicit&#xE0; Verit&#xE0;. strategie Comunicazione Nei sistemi di Credenza Religiosa: Prendere Corpo e salvare Anima; Teodicea; sistemi psichici e Religiosi; Diritta Via; Diete Religiose. Religioni Fra Etica Universale e Identificazione Etnica: Religioni in Guerracaso Moderno Nazionalismo Religioso; Sistema Credenza Religiosa e Stato Postcoloniale; tensione  Fra Etica ed Etnia; Adattamento e selezione nel Processo Identificazione Etnoreligiosa. Riferimenti Bibliografici  D"</subfield>
  </datafield>
  <datafield tag="650" ind1=" " ind2=" ">
    <subfield code="a">SAGGI DI COMUNICAZIONE SOCIALE</subfield>
  </datafield>
  <datafield tag="650" ind1=" " ind2=" ">
    <subfield code="e">Codice materia Spics: 3807</subfield>
  </datafield>
  <datafield tag="942" ind1=" " ind2=" ">
    <subfield code="c">BK</subfield>
  </datafield>
  <datafield tag="957" ind1=" " ind2=" ">
    <subfield code="7">1</subfield>
  </datafield>
  <datafield tag="999" ind1=" " ind2=" ">
    <subfield code="c">77398</subfield>
    <subfield code="d">77398</subfield>
  </datafield>
  <datafield tag="999" ind1=" " ind2=" ">
    <subfield code="g">1</subfield>
  </datafield>
  <datafield tag="952" ind1=" " ind2=" ">
    <subfield code="0">0</subfield>
    <subfield code="1">0</subfield>
    <subfield code="4">0</subfield>
    <subfield code="6">K_000000000000000_0542</subfield>
    <subfield code="7">1</subfield>
    <subfield code="a">SPICS</subfield>
    <subfield code="b">SPICS</subfield>
    <subfield code="d">2013-03-08</subfield>
    <subfield code="l">0</subfield>
    <subfield code="o">K0542</subfield>
    <subfield code="r">2013-03-08 00:00:00</subfield>
    <subfield code="w">2013-03-08</subfield>
    <subfield code="y">BK</subfield>
    <subfield code="z">Progressivo inserimento:  16806 /  N. Volumi: 1 Copie: 1  / data import: 1 marzo 2013 - By Epidotti, Trombetti, Vaglietti. </subfield>
  </datafield>
</record>
